000 00487ntaaa2200181 4500
003 01
005 20251027202009.0
008 0714s1973 ag 01
040 _aAR-BaBN
_bspa
_cAR-BaBN
_eaacr
_dRIC
082 _a261.0000 Sc3
100 _aSchlatter, Adolf
_918545
245 _aChurch in the New Testament Period
250 _a1 ed. :
_bSPCK,
_cc/961
300 _axii, 335 p.
650 _aNuevo Testamento-Iglesias
_918546
650 _aIglesias-Nuevo Testamento
_918547
942 _cBK
999 _c14706
_d14706